[Event "3rd Sharjah Masters 2019"]
[Site "Sharjah"]
[Date "2019.03.23"]
[Round "2.45"]
[White "Rohit, Singh Rana"]
[Black "Darini, Pouria"]
[Result "0-1"]
[WhiteElo "1896"]
[BlackElo "2474"]
[Annotator "TA"]
[PlyCount "60"]
[EventDate "2019.03.22"]
[EventType "swiss"]
[EventCountry "UAE"]
[SourceTitle "playchess.com"]
[Source "ChessBase"]
[SourceQuality "1"]

{[%evp 16,60,8,12,2,9,29,0,26,8,33,10,74,0,0,-64,-49,-62,-7,-8,0,0,0,-97,7,7,7,0,-7,-11,0,-85,-67,-111,-109,-145,-142,-253,-252,-273,-273,-306,-184,-300,-316,-687,-664]} 1. e4 c5 2. Nf3 d6 3. d4 cxd4 4. Nxd4 Nf6 5. Nc3 a6 6. Bg5 e6 7. f4 h6 8. Bh4 Qb6 9. a3 Be7 {B96: Sicilian Najdorf: 6 Bg5 e6 7 f4, lines other than 7...Qb6 and 7...Be7} 10. Bf2 {[#] Nxe6! is the strong threat.} Qc7 11. Be2 (11. Qf3 Nbd7 12. O-O-O b5 13. g4 Bb7 14. h4 Nc5 15. Bd3 h5 16. g5 Ng4 17. Rhg1 {½-½ (25) Grischuk,A (2766)-Vachier Lagrave,M (2779) Saint Louis 2018}) 11... Nc6 {The position is equal.} 12. O-O Bd7 13. Qd2 g5 $146 (13... Nxd4 $11 14. Qxd4 Bc6) ({Predecessor:} 13... Nxd4 14. Bxd4 Bc6 15. Bf3 Rg8 16. e5 Nd7 17. Rae1 {0-1 (62) Leskiewicz,I (1624)-Janiszewski,F (1797) Poland 2013}) 14. e5 (14. Rad1 $16) 14... dxe5 $11 15. Nxc6 (15. fxe5 $11 Nxe5 16. Bg3) 15... Bxc6 $15 16. fxe5 Rd8 ({Black should try} 16... Qxe5 $15 17. Bg3 Qc5+ 18. Bf2 Qd6 19. Qxd6 Bxd6) 17. Qe3 $11 Nd5 18. Nxd5 $1 Rxd5 19. Bh5 {[#]} (19. Bf3 $11) 19... Rf8 (19... O-O $1 $17) 20. Rae1 Bc5 21. Qh3 {Hoping for Bxc5.} Bxf2+ 22. Rxf2 Rxe5 23. Ref1 (23. Qc3 $11 {keeps the balance.} Rxe1+ 24. Qxe1) 23... Qb6 24. Qc3 Rf5 $1 25. Qe1 {White wants to mate with Qxe6+.} Ke7 26. Kh1 (26. b3 $17) 26... Rxf2 $40 {[%mdl 128] Black attacks with force.} 27. Rxf2 Qxb2 28. h3 f5 29. c4 (29. Re2 {keeps fighting.}) 29... Qxa3 30. Qe5 $2 (30. Bf3) 30... Qxh3+ {[%mdl 64] Double Attack. Accuracy: White = 15%, Black = 39%.} 0-1

[Event "3rd Sharjah Masters 2019"]
[Site "Sharjah"]
[Date "2019.03.23"]
[Round "2.46"]
[White "Abdullaev, Rasulbek"]
[Black "Akshat, Khamparia"]
[Result "0-1"]
[WhiteElo "1611"]
[BlackElo "2415"]
[Annotator "TA"]
[PlyCount "42"]
[EventDate "2019.03.22"]
[EventType "swiss"]
[EventCountry "UAE"]
[SourceTitle "playchess.com"]
[Source "ChessBase"]
[SourceQuality "1"]

{[%evp 20,42,28,16,37,-137,-134,-122,-141,-185,-154,-194,-189,-208,-214,-255,-256,-845,-850,-1875,-1865,-1584,-1568,-29988,-29989]} 1. d4 Nf6 2. c4 Nc6 3. e3 e5 4. d5 Ne7 5. Nc3 d6 6. e4 g6 7. g3 Bg7 8. Bg2 O-O 9. Nge2 Nh5 10. O-O f5 11. f4 exf4 {E61: King's Indian: Early deviations for White, including Smyslov System} 12. gxf4 $146 {[#]} (12. Nxf4 $14 {stays ahead.} Nxf4 13. Bxf4) ({Predecessor:} 12. Nxf4 Nxf4 13. Bxf4 fxe4 14. Bxe4 Bh3 15. Bg2 Qd7 16. Qd2 Bxg2 17. Kxg2 Nf5 18. Rae1 h6 19. h4 {0-1 (28) Jagiela,P (2077)-Januszewski,T Wroclaw 2005}) 12... fxe4 $17 13. Nxe4 Nf5 {Black is better.} 14. Qb3 Nh4 15. Bh1 Qe7 16. N2g3 {[#]} Bf5 $1 {[%cal Rf5e4]} 17. Nxh5 gxh5 18. Nf2 $2 (18. Qg3) 18... Rf6 $19 19. h3 Rg6+ 20. Kh2 Bd4 21. Qd1 Qg7 {Accuracy: White =  5%, Black = 71%.} 0-1

[Event "3rd Sharjah Masters 2019"]
[Site "Sharjah"]
[Date "2019.03.23"]
[Round "2.47"]
[White "Mota, Pankit"]
[Black "Pranav Anand"]
[Result "0-1"]
[WhiteElo "1974"]
[BlackElo "2359"]
[Annotator "NA"]
[PlyCount "120"]
[EventDate "2019.03.22"]
[EventType "swiss"]
[EventCountry "UAE"]
[SourceTitle "playchess.com"]
[Source "ChessBase"]
[SourceQuality "1"]
[TimeControl "5400+30"]

1. e4 {[%emt 0:00:00]} e5 {[%emt 0:00:00]} 2. Nf3 {[%emt 0:00:00]} Nc6 {[%emt 0:00:00]} 3. Bc4 {[%emt 0:00:00]} Bc5 {[%emt 0:00:00]} 4. c3 {[%emt 0:00:09]} Nf6 {[%emt 0:00:00]} 5. d3 {[%emt 0:00:06]} d6 {[%emt 0:00:00]} 6. Bb3 {[%emt 0:00:06]} h6 {[%emt 0:00:06]} 7. Nbd2 {[%emt 0:06:28]} O-O {[%emt 0:00:16]} 8. h3 {[%emt 0:01:04]} a5 {[%emt 0:01:43]} 9. Nf1 {[%emt 0:01:51]} Be6 {[%emt 0:00:50]} 10. Bc2 {[%emt 0:17:30]} d5 {[%emt 0:01:59]} 11. Qe2 {[%emt 0:02:54]} a4 {[%emt 0:10:31]} 12. Ng3 {[%emt 0:05:38]} Re8 {[%emt 0:02:31]} 13. O-O {[%emt 0:03:59]} Bb6 {[%emt 0:06:07]} 14. a3 {[%emt 0:14:24]} Nd7 {[%emt 0:03:07]} 15. Rd1 {[%emt 0:06:12]} d4 {[%emt 0:13:36]} 16. Nh5 {[%emt 0:06:13]} Bc5 {[%emt 0:02:33]} 17. g4 {[%emt 0:04:57]} g6 {[%emt 0:02:28]} 18. Ng3 {[%emt 0:04:02]} Kg7 {[%emt 0:05:48]} 19. Kh2 {[%emt 0:02:15]} Rh8 {[%emt 0:00:16]} 20. Rg1 {[%emt 0:02:40]} Kf8 {[%emt 0:00:19]} 21. c4 {[%emt 0:02:55]} Bd6 {[%emt 0:01:38]} 22. Bd2 {[%emt 0:01:31]} Qb8 {[%emt 0:02:20]} 23. Nh4 {[%emt 0:02:21]} g5 {[%emt 0:08:27]} 24. Nhf5 {[%emt 0:01:51]} Bc5 {[%emt 0:00:07]} 25. Nh5 {[%emt 0:03:22]} b5 {[%emt 0:01:14]} 26. Nfg7 {[%emt 0:02:11]} bxc4 {[%emt 0:01:19]} 27. Nxe6+ {[%emt 0:01:28]} fxe6 {[%emt 0:00:01]} 28. dxc4 {[%emt 0:00:08]} d3 {[%emt 0:03:56]} 29. Qxd3 {[%emt 0:00:57]} Nd4 {[%emt 0:00:11]} 30. Bc3 {[%emt 0:01:04]} Ke7 {[%emt 0:00:25]} 31. Rgf1 {[%emt 0:03:59]} Rf8 {[%emt 0:01:22]} 32. Rad1 {[%emt 0:00:47]} Rf3 {[%emt 0:02:29]} 33. Qd2 {[%emt 0:00:22]} Qf8 {[%emt 0:01:02]} 34. Bxd4 {[%emt 0:01:13]} Bxd4 {[%emt 0:01:19]} 35. Kg2 {[%emt 0:00:07]} Rb8 {[%emt 0:02:36]} 36. Qe2 {[%emt 0:00:24]} Rf7 {[%emt 0:00:46]} 37. Bxa4 {[%emt 0:01:12]} Nc5 {[%emt 0:01:26]} 38. Bb5 {[%emt 0:00:18]} c6 {[%emt 0:01:14]} 39. b4 {[%emt 0:02:02]} Nxe4 {[%emt 0:00:53]} 40. Rxd4 {[%emt 0:00:45]} exd4 {[%emt 0:00:11]} 41. Qxe4 {[%emt 0:00:04]} cxb5 {[%emt 0:00:12]} 42. Qxd4 {[%emt 0:00:21]} Qc8 {[%emt 0:00:56]} 43. Rd1 {[%emt 0:00:39]} Qc6+ {[%emt 0:01:45]} 44. Kg1 {[%emt 0:00:05]} bxc4 {[%emt 0:00:14]} 45. b5 {[%emt 0:00:53]} Qb6 {[%emt 0:01:26]} 46. Qxb6 {[%emt 0:01:00]} Rxb6 {[%emt 0:00:01]} 47. a4 {[%emt 0:00:01]} Rf8 {[%emt 0:01:05]} 48. Rc1 {[%emt 0:00:27]} Rc8 {[%emt 0:00:11]} 49. Ng3 {[%emt 0:00:01]} Rbb8 {[%emt 0:02:45]} 50. Ne4 {[%emt 0:00:13]} Ra8 {[%emt 0:00:07]} 51. Nc3 {[%emt 0:00:04]} Kd6 {[%emt 0:00:27]} 52. b6 {[%emt 0:00:09]} Kc6 {[%emt 0:01:11]} 53. Rb1 {[%emt 0:01:19]} Rcb8 {[%emt 0:00:08]} 54. Rb4 {[%emt 0:00:45]} Kc5 {[%emt 0:02:12]} 55. Rb5+ {[%emt 0:01:19]} Kd4 {[%emt 0:00:01]} 56. Ne2+ {[%emt 0:00:23]} Kd3 {[%emt 0:00:06]} 57. Nc1+ {[%emt 0:00:35]} Kd2 {[%emt 0:00:11]} 58. Na2 {[%emt 0:00:39]} Rxa4 {[%emt 0:02:26]} 59. Nb4 {[%emt 0:00:02]} c3 {[%emt 0:00:33]} 60. b7 {[%emt 0:00:51]} Rxb4 {[%emt 0:00:21]} 0-1

[Event "3rd Sharjah Masters 2019"]
[Site "Sharjah"]
[Date "2019.03.23"]
[Round "2.48"]
[White "Ravi, Thandalam Shanmugam"]
[Black "Sri, Sai Baswanth P"]
[Result "0-1"]
[WhiteElo "2276"]
[BlackElo "2018"]
[Annotator "NA"]
[PlyCount "60"]
[EventDate "2019.03.22"]
[EventType "swiss"]
[EventCountry "UAE"]
[SourceTitle "playchess.com"]
[Source "ChessBase"]
[SourceQuality "1"]
[TimeControl "5400+30"]

1. e4 {[%emt 0:06:56]} g6 {[%emt 0:00:37]} 2. d4 {[%emt 0:00:38]} Bg7 {[%emt 0:00:10]} 3. Nf3 {[%emt 0:00:14]} d6 {[%emt 0:00:14]} 4. h3 {[%emt 0:02:38]} Nf6 {[%emt 0:00:18]} 5. Nc3 {[%emt 0:00:07]} O-O {[%emt 0:00:58]} 6. Be3 {[%emt 0:00:12]} c6 {[%emt 0:00:40]} 7. a4 {[%emt 0:00:14]} d5 {[%emt 0:02:05]} 8. e5 {[%emt 0:04:27]} Ne4 {[%emt 0:01:39]} 9. Bd3 {[%emt 0:10:38]} Nxc3 {[%emt 0:02:36]} 10. bxc3 {[%emt 0:01:52]} c5 {[%emt 0:01:24]} 11. Qd2 {[%emt 0:03:48]} c4 {[%emt 0:17:15]} 12. Be2 {[%emt 0:00:09]} Nc6 {[%emt 0:00:48]} 13. O-O {[%emt 0:03:36]} Bd7 {[%emt 0:05:04]} 14. Nh2 {[%emt 0:02:59]} a6 {[%emt 0:02:52]} 15. Rfe1 {[%emt 0:07:26]} b5 {[%emt 0:01:11]} 16. axb5 {[%emt 0:00:56]} axb5 {[%emt 0:00:05]} 17. Bf3 {[%emt 0:06:18]} Be6 {[%emt 0:01:54]} 18. Nf1 {[%emt 0:15:45]} Ra4 {[%emt 0:07:42]} 19. Rxa4 {[%emt 0:05:17]} bxa4 {[%emt 0:00:06]} 20. Qc1 {[%emt 0:00:20]} Qa5 {[%emt 0:04:42]} 21. Qa3 {[%emt 0:00:10]} Bf5 {[%emt 0:00:43]} 22. Rc1 {[%emt 0:04:59]} Ra8 {[%emt 0:01:09]} 23. Nd2 {[%emt 0:02:57]} Bd7 {[%emt 0:06:02]} 24. Rb1 {[%emt 0:02:07]} e6 {[%emt 0:01:17]} 25. Qd6 {[%emt 0:07:11]} Be8 {[%emt 0:00:44]} 26. Nxc4 {[%emt 0:02:55]} dxc4 {[%emt 0:00:16]} 27. Bxc6 {[%emt 0:00:10]} Bf8 {[%emt 0:00:28]} 28. Rb8 {[%emt 0:01:14]} Rxb8 {[%emt 0:00:49]} 29. Qxb8 {[%emt 0:03:27]} Bxc6 {[%emt 0:00:11]} 30. Bh6 {[%emt 0:02:23]} Qa8 {[%emt 0:00:05]} 0-1

[Event "3rd Sharjah Masters 2019"]
[Site "Sharjah"]
[Date "2019.03.24"]
[Round "3.1"]
[White "Le, Quang Liem"]
[Black "Venkatesh, M.R."]
[Result "1-0"]
[WhiteElo "2715"]
[BlackElo "2517"]
[Annotator "TA"]
[PlyCount "113"]
[EventDate "2019.03.22"]
[EventType "swiss"]
[EventCountry "UAE"]
[SourceTitle "playchess.com"]
[Source "ChessBase"]
[SourceQuality "1"]

{[%evp 18,113,32,27,29,13,22,7,14,6,30,27,70,70,66,59,56,60,73,33,82,14,72,18,18,2,0,0,0,7,25,18,45,44,61,50,102,102,102,102,100,102,84,86,81,75,93,80,99,106,98,96,214,202,198,28,23,38,106,14,80,79,116,140,136,0,0,0,106,105,105,100,112,20,107,106,105,105,105,105,200,199,191,169,114,192,1008,860,1699,1689,1687,1317,2334,2026,2093,4154,5114,1703]} 1. e4 e5 2. Nf3 Nc6 3. Bb5 a6 4. Ba4 Nf6 5. d3 d6 6. c3 g6 7. O-O Bg7 8. Re1 O-O 9. Nbd2 Bd7 10. Nf1 Ne7 {C77: Ruy Lopez: 3...a6 4 Ba4 Nf6, unusual lines} (10... Qe8 11. Bb3 Kh8 12. Ng3 Na5 13. Bc2 c5 14. d4 cxd4 15. cxd4 Qe7 16. b3 Nc6 17. Ba3 exd4 18. e5 Ne8 19. exd6 Qd8 20. Bd3 {0-1 (71) Tukhaev,A (2527)-Kamsky,G (2666) St Petersburg 2018}) 11. d4 $146 ({Predecessor:} 11. Bb3 c5 12. Bg5 h6 13. Bh4 Qc7 14. Ne3 b5 15. a4 Qb7 16. h3 g5 17. Bg3 Ng6 18. h4 {½-½ (38) Seryakov,O (2290)-Zunkovic,S (2233) ICCF email 2015}) 11... Bxa4 12. Qxa4 Qd7 {The position is equal.} 13. Qc2 Nc6 14. Ng3 h6 15. h3 Rae8 16. Be3 Kh7 17. Rad1 Qc8 18. c4 Nd7 19. Re2 ({White should play} 19. d5 $16 Ne7 20. Bd2) 19... b6 (19... Nxd4 $11 20. Nxd4 exd4 21. Bxd4 Bxd4 22. Rxd4 Qd8) 20. dxe5 (20. d5 $16 Ne7 21. Bc1) 20... Ndxe5 $11 21. Nd2 Nd7 22. Nb1 Nc5 23. Nc3 h5 24. Nd5 h4 25. Nf1 Ne6 26. Red2 Nc5 ({Better is} 26... a5 $14) 27. f3 $1 $16 a5 28. Bg5 Nb4 29. Nxb4 axb4 30. Bxh4 f5 31. exf5 Qxf5 32. Bf2 Qxc2 33. Rxc2 Na4 34. Rdd2 Rf4 (34... Bh6 $16 {keeps fighting.}) 35. Ne3 $1 $18 Rd4 36. Nd1 $2 (36. Rxd4 $1 $18 Bxd4 37. Nd5 {[%mdl 64] Discovered Attack} Re1+ 38. Kh2 Bxf2 39. Rxf2) 36... Rxd2 $11 37. Rxd2 Ra8 38. Re2 (38. b3 $1 $16 {[%cal Rb3a4]} Nc3 39. Nxc3 bxc3 40. Rc2) 38... Kg8 (38... Nxb2 $1 $11 39. Nxb2 Rxa2) 39. b3 $36 {[%mdl 2048] White is in control.} Nb2 40. Nxb2 Rxa2 41. Re8+ (41. Be1 $16) 41... Kf7 $11 42. Rc8 Ra1+ (42... Rxb2 $11 {remains equal.} 43. Rxc7+ Kf8) 43. Kh2 $16 Bxb2 44. Rxc7+ {[%mdl 4096] Endgame KRB-KRB} Ke6 45. h4 (45. Rc6 $1 $16) 45... Rb1 (45... Be5+ $11 {keeps the balance.} 46. Bg3 Bd4) 46. Rc6 $1 ({But not} 46. Bxb6 $6 Be5+ 47. Kh3 Rxb3 $11) 46... Be5+ {[%mdl 64] Discovered Attack} 47. Bg3 $1 Rxb3 48. Rxb6 Bxg3+ (48... Kf5 $16 {might work better.}) 49. Kxg3 {KR-KR} Ke5 {[#]} 50. Kg4 $1 Rb1 {[#]} ({Black should try} 50... Rb2 $18) 51. Kg5 $1 {[%cal Rg5g6]} b3 $2 (51... Kd4) 52. Kxg6 $18 {White is clearly winning.} b2 53. h5 Kd4 54. h6 Kc3 55. h7 Rh1 56. f4 Kc2 57. f5 {Accuracy: White = 60%, Black = 40%.} 1-0

[Event "3rd Sharjah Masters 2019"]
[Site "Sharjah"]
[Date "2019.03.24"]
[Round "3.2"]
[White "Kuybokarov, Temur"]
[Black "Inarkiev, Ernesto"]
[Result "0-1"]
[WhiteElo "2519"]
[BlackElo "2692"]
[Annotator "TA"]
[PlyCount "172"]
[EventDate "2019.03.22"]
[EventType "swiss"]
[EventCountry "UAE"]
[SourceTitle "playchess.com"]
[Source "ChessBase"]
[SourceQuality "1"]

{[%evp 23,172,54,72,69,54,66,44,51,75,58,57,77,52,16,47,10,27,25,19,-9,39,24,47,39,53,25,27,22,6,-11,0,-8,0,-20,-26,-48,-46,-46,-36,-38,-41,-43,-8,-10,-8,-12,-8,-11,-15,-64,-64,-70,-16,-22,-20,-22,-22,-22,-22,-106,-22,-22,-22,-22,-22,-22,-25,-84,0,0,0,-91,-77,-78,-77,-37,-35,-85,-86,-93,-77,-126,-106,-162,-89,-88,-64,-66,-50,-62,-49,-51,-58,-93,-64,-65,-65,-71,-54,-51,-8,-196,-196,-200,-193,-197,-189,-182,-181,-180,-174,-197,-185,-191,-195,-175,-176,-312,-46,-272,-266,-205,-225,-318,-79,-287,0,-319,-332,-304,-298,-281,-284,-285,-279,-248,-83,-83,-83,-79,-64,-64,-64,-64,0,-50,0,-36,-40,-4614,-4196]} 1. e4 c5 2. Nf3 d6 3. d4 cxd4 4. Nxd4 Nf6 5. Nc3 a6 6. Be3 Ng4 7. Bg5 h6 8. Bh4 g5 9. Bg3 Bg7 10. Qd2 Nc6 11. Nb3 Be6 12. h4 gxh4 13. Bxh4 {B90: Sicilian Najdorf: Unusual White 6th moves, 6 Be3 Ng4 and 6 Be3 e5} Rc8 (13... Qb6 14. O-O-O Rc8 15. Kb1 h5 16. Nd5 Bxd5 17. exd5 Nce5 18. Re1 Ng6 19. f3 Bh6 20. Qe2 N4e5 {1-0 (44) Carlsen,M (2815)-Grischuk,A (2747) Monte Carlo 2011}) 14. f3 Nge5 15. Nd5 {White is slightly better.} Ng6 $146 ({Predecessor:} 15... f5 16. O-O-O fxe4 17. fxe4 b5 18. Qf2 Ng4 19. Qf4 Rf8 20. Qd2 Nge5 {1-0 (62) Zunkovic,S (2142)-Urpilainen,E (2214) ICCF email 2015}) 16. c3 Nxh4 17. Rxh4 b5 18. Rh1 Rg8 19. Nf4 (19. f4 {looks sharper.} Rb8 20. Be2 a5 21. a4 bxa4 22. Nc1) 19... Qb6 20. Nxe6 fxe6 21. a3 Rf8 (21... a5 {keeps more tension.} 22. f4 a4 23. Nc1 Na5 24. Rh3 Rf8) 22. Qf2 Rb8 23. Qxb6 Rxb6 24. Kf2 Kf7 25. f4 a5 26. Ra2 b4 27. cxb4 axb4 28. Bc4 Rc8 29. Nd2 Na5 30. b3 bxa3 31. Rxa3 Nxc4 32. Nxc4 Rb5 33. Rd1 Rc7 34. Rd3 Rcb7 35. Nd2 Bb2 36. Ra6 Bc1 37. e5 Rd5 ({Black should try} 37... dxe5 $15 38. fxe5 Bxd2 39. Rxd2 Rxb3) 38. Rxd5 $1 $11 exd5 {[%mdl 4096] Endgame KRB-KRN} 39. Ke1 dxe5 40. fxe5 e6 41. Nf3 (41. Kd1 $11 {keeps the balance.} Bb2 42. Nf3 Rxb3 43. Ra7+ Kg6 44. Ra4) 41... Bb2 (41... Be3 $1 $17 42. Kd1 Rxb3) 42. Kd2 Rxb3 43. Ra7+ Kg6 {Black wants to play ...Kf5.} 44. Kc2 Rb4 45. Kd3 (45. g4 $1 $11) 45... Rb3+ (45... h5 $17) 46. Kc2 Rb4 (46... Rxf3 $11 47. gxf3 Bxe5) 47. Kd3 $17 Rb6 48. Ra8 Bc1 49. Rf8 Bg5 50. Nd4 Ra6 51. Ke2 Be7 52. Rf4 h5 53. Kf3 (53. Kd3 $17) 53... Kg7 ({Better is} 53... h4 $19 {White must now prevent ...Bg5.} 54. Ke2 Kg5) 54. Kg3 Bg5 55. Rf3 Kg6 56. Kh3 Be7 57. g3 Kg7 58. Rf4 Bd8 59. Nf3 Rb6 60. Nd4 Bc7 61. Nf3 Rb2 {...Re2 is the strong threat.} 62. Kh4 $2 (62. Ng5 $11 {and White has nothing to worry.} Rb6 63. Nf3) 62... Re2 $1 $19 63. Kxh5 {With the idea Ng5.} Bxe5 64. Ra4 Re3 $1 {[%cal Re3f3]} 65. Kg4 Kf6 66. Ra7 Rc3 67. Rd7 Bc7 68. Rh7 Rc4+ 69. Kh3 e5 {Threatens to win with ...e4.} 70. g4 (70. Rh6+ {was necessary.} Ke7 71. Nh4) 70... Kg6 $2 ({Black should play} 70... e4 $19 71. g5+ Kf5 72. Rf7+ Ke6 73. Rf6+ Ke7) 71. Rd7 $2 (71. Rh5 $1 $15) 71... Rc3 72. Kg2 Rc5 73. Kf2 (73. Re7 {was called for.} Kf6 74. Rh7) 73... Kf6 $2 (73... e4 $1 $19 {has better winning chances.} 74. Nd4 Be5) 74. Rh7 $2 (74. Ke3 $17) 74... Kg6 75. Rd7 {[#]} e4 $1 {Strongly threatening ...Rc2+.} 76. Nd4 Be5 77. Ne6 Ra5 78. Ke3 Kf6 79. Nd8 {[#]} Ra3+ $2 (79... Bb2 $1 $19 {is more deadly. aiming for ...Ra3+.} 80. Ke2 Kg5) 80. Ke2 $17 d4 {And now ...Ra2+ would win.} 81. Nc6 Ra2+ 82. Kf1 $1 Ra1+ 83. Kg2 $1 Ra2+ 84. Kf1 Ra1+ 85. Kg2 $1 d3 86. Nb4 $2 {[%mdl 8192]} (86. g5+ $15 Ke6 87. Nxe5) 86... Ke6 {Accuracy: White = 43%, Black = 49%.} 0-1

[Event "3rd Sharjah Masters 2019"]
[Site "Sharjah"]
[Date "2019.03.24"]
[Round "3.3"]
[White "Stany, G.A."]
[Black "Sargissian, Gabriel"]
[Result "1/2-1/2"]
[WhiteElo "2507"]
[BlackElo "2689"]
[Annotator "TA"]
[PlyCount "71"]
[EventDate "2019.03.22"]
[EventType "swiss"]
[EventCountry "UAE"]
[SourceTitle "playchess.com"]
[Source "ChessBase"]
[SourceQuality "1"]

{[%evp 16,71,18,12,26,14,0,0,0,-2,0,0,6,0,4,1,8,3,6,0,11,11,13,10,13,20,14,0,21,-4,0,0,0,0,0,0,0,0,0,0,8,0,0,0,25,0,0,0,0,0,4,0,0,0,0,0,0,0]} 1. e4 e5 2. Nf3 Nc6 3. Bb5 Nf6 4. O-O Nxe4 5. Re1 Nd6 6. Nxe5 Be7 7. Bf1 Nxe5 8. Rxe5 O-O 9. d4 Ne8 {C67: Ruy Lopez: Berlin Defence: 4 0-0 Nxe4} 10. d5 Bc5 11. Qf3 $146 ({Predecessor:} 11. Re1 d6 12. Nc3 Bf5 13. Bd3 Qf6 14. Be3 Qg6 15. Bxf5 Qxf5 16. Bxc5 dxc5 17. Ne4 {½-½ (46) Harikrishna,P (2729)-Eljanov,P (2676) Germany 2019}) 11... d6 12. Re2 Qf6 13. Qg3 Qg6 14. Qxg6 fxg6 15. Be3 Bxe3 16. Rxe3 Nf6 17. Nc3 a6 18. Ne4 Nxe4 19. Rxe4 Bf5 20. Rc4 Rf7 21. Re1 Kf8 22. c3 Re8 23. Rxe8+ Kxe8 $11 {[%mdl 4096] Endgame KRB-KRB} 24. f3 g5 25. Rb4 Bc8 $1 26. Bd3 g6 27. Kf2 Rf4 (27... g4 {seems wilder.} 28. f4 Kd8 29. Ke3 Re7+ 30. Kd2 Re8) 28. Rc4 (28. Be4 {is more complex.} Rf8 29. Ke3 Ke7 30. Rb3 Kf6 31. Kd4) 28... Rxc4 29. Bxc4 {KB-KB} a5 30. Bd3 Ke7 {The position is equal.} 31. Ke3 Kf6 32. Kd4 Bd7 33. b4 axb4 34. cxb4 h5 35. Bc2 b5 $1 36. Bd3 {Accuracy: White = 60%, Black = 70%.} 1/2-1/2